Statistics for The Ultimate Toronto Quiz

Click here to take the quiz!

General Stats

  • This quiz has been taken 101 times
  • The average score is 10 of 15

Answer Stats

Answer% Correct
Toronto's Basketball TeamRaptors
95%
Famous Toronto RapperDrake
93%
Toronto's Baseball TeamBlue Jays
92%
Toronto's Hockey TeamMaple Leafs
91%
Lake that the City is onLake Ontario
89%
Toronto's Football TeamArgonauts
76%
The Name of TransportTTC
76%
A mayor that was awesome but did crackRob Ford
75%
Toronto's Soccer TeamToronto FC
69%
Toronto's NicknameThe 6ix
62%
Home of the Stanley CupHockey Hall of Fame
55%
Road into the City that always has trafficGardiner Expressway
31%
Toronto's Hockey TempleAir Canada Center
29%
Face of Toronto HockeyAuston Matthews
18%
Long Street that starts in TorontoYounge Street
15%

Score Distribution

Percentile by Number Answered

Percent of People with Each Score

Your Score History

You have not taken this quiz